000 01090nam0a22002531 4500
001 v19\rc\2089877
005 20081218101115.8
035 _a(NLR Aleph) 005159954
090 _a4977726
_c4977726
100 _a20081218d1913 |||y0rusy50 ca
101 0 _arus
102 _aRU
105 _aab z |||c|
200 1 _aАракчеевцы на Урале
_eЭкскурсионный очерк [поездки 45-ти кадет Аракчеевского корпуса в июне 1910 г.]
_eС 54 рис. в тексте и схем. картой Среднего Урала
_fСост. В.Н. Сумцов
210 _aНижний Новгород
_cтип. И. Серкина
_d1913
215 _a[4], VIII, 288, 19 с., 1 л. карт.
_cил.
_d26
300 _aВ конце текста авт.: Влад. Сумцов
320 _aБиблиогр. в предисл.
700 1 _aСумцов
_bВ. Н.
_f1865-
_gВладимир Николаевич
_4220
801 0 _aRU
_bNLR
_gpsbo
801 1 _aRU
_bProSoft-M
_2rusmarc
852 _aNLR
_j37.47.2.16
942 _cBOOK
980 _aNB